music trivia: guitarist geography - Statistics

General Stats
  • This quiz has been taken 67 times
  • The average score is 5 of 15
Answer Stats
what are these guitarists' countries of origin? Answer: name of country % Correct
Eddie Van Halen Netherlands
68%
Neil Young Canada
66%
Angus Young United Kingdom
60%
Antonio Carlos Jobim Brazil
53%
Yngwie Malmsteen Sweden
53%
Gabor Szabo Hungary
37%
Dave Matthews South Africa
29%
Uli Jon Roth Germany
27%
Al Di Meola United States of America
27%
Christy Moore Ireland
26%
Hillel Slovak Israel
19%
Ali Farka Toure Mali
19%
Charo Spain
19%
Bireli Lagrene France
16%
John Kay of Steppenwolf Russia
10%
No matching quizzes found
Score Distribution
Percent of People with Each Score
Percentile by Number Answered
Your Score History
You have not taken this quiz